000 006050000a22002170004500
003 LK-CoMWRAF
005 20240527133116.0
008 230817t ||||| |||| 00| 0 eng d
040 _aLK-CoMWRAF
_dLK-CoMWRAF
_eLK-CoMWRAF
041 _aeng
082 _a346.016
_bZAR
100 _aZarook, A.R.M.
245 _aPolygamy qualified, concubinage clarified
_b(of great use to lawyers, law students, qadis and laymen)
260 _b[Colombo]:
_a[Author]
300 _a15 p.
490 _aMuslim Personal law
_vII
650 _aMUSLIM LAW
650 _aPolygamy
650 _aConcubinage
942 _cBK
999 _c2381
_d2381